Report on the survey to ascertain the employment status of commerce graduates (Record no. 495574)

000 -LEADER
fixed length control field 00350cam a22000977a 4500
008 - FIXED-LENGTH DATA ELEMENTS--GENERAL INFORMATION
fixed length control field 180718b1977 xxu||||| |||| 00| 0 eng d
082 ## - DEWEY DECIMAL CLASSIFICATION NUMBER
Classification number R11x5444 K147c
245 ## - TITLE STATEMENT
Title Report on the survey to ascertain the employment status of commerce graduates
Statement of responsibility, etc. by Planning Department, Karnataka
260 ## - PUBLICATION, DISTRIBUTION, ETC.
Place of publication, distribution, etc. Bangalore
Name of publisher, distributor, etc.
Date of publication, distribution, etc. 1977
700 ## - ADDED ENTRY--PERSONAL NAME
Personal name Karnataka. Planning Department
Holdings
Withdrawn status Lost status Damaged status Not for loan Permanent Location Current Location Date acquired Full call number Barcode Date last seen Price effective from Koha item type
        Indian Institute of Public Administration Indian Institute of Public Administration 2018-08-04 R11x5444 K147c GG16996 2018-08-04 2018-08-04 GG

Powered by Koha